Evaluation fundamentals: insights into program effectiveness, quality, and value
Guardat en:
| Autor principal: | |
|---|---|
| Format: | Llibre |
| Idioma: | anglès |
| Publicat: |
Sages Publications,
2015
|
| Etiquetes: |
Afegir etiqueta
Sense etiquetes, Sigues el primer a etiquetar aquest registre!
|
MARC
| LEADER | 00000nam a22000007a 4500 | ||
|---|---|---|---|
| 008 | 210408b ||||| |||| 00| 0 eng d | ||
| 020 | |a 978-1-4522-8200-8 | ||
| 100 | |a FINK, Arlene. | ||
| 245 | |a Evaluation fundamentals: |b insights into program effectiveness, quality, and value |c Arlene Fink |g xvi: 285p. | ||
| 250 | |b 3rd ed. | ||
| 260 | |b Sages Publications, |c 2015 |h Los Angeles: |i 692012 |l RA339 .A1F49 |m Medical care – Evaluation. |m Health planning. |m Medical care – Quality control. |m Public health – Evaluation. |m Outcome assessment (Medical care). | ||
| 500 | |a “It includes references and index”. | ||
| 942 | |a lcc |c BK |e Adeniran F. A |f 08/04/2021 | ||
| 952 | |0 0 |1 0 |2 lcc |4 0 |7 0 |9 2060 |a HOL |b HE |c QZ |d 2021-04-08 |o RA339 .A1F49 |p 2021-5917 |r 2021-04-08 00:00:00 |w 2021-04-08 |y BK | ||
| 999 | |c 1071 |d 1071 | ||